Environmentálne využitie geopolymérnych materiálov

Salvato in:
Dettagli Bibliografici
Autore principale: Žatkuláková, Zuzana (Autore)
Altri autori: Janotka, Ivan (Relatore della tesi)
Natura: Manoscritto Libro
Lingua:slovacco
Pubblicazione: 2017
Soggetti:
Accesso online:http://is.stuba.sk/zp/portal_zp.pl?podrobnosti=118779
Tags: Aggiungi Tag
Nessun Tag, puoi essere il primo ad aggiungerne!!

MARC

LEADER 00000ntm a22000003a 4500
001 stuzp64161
003 SK-STU
005 20170715210720.1
007 ta
008 150427s2015----xo-----f-mn---000-0-slo-d
040 |a STU  |b slo 
041 0 |a slo 
100 1 |a Žatkuláková, Zuzana  |u 042110  |4 aut  |U FCHPT Ústav anorganickej chémie, technológie a materiálov  |T FCHPT Oddelenie anorganických materiálov  |X 76595  |U C2110  |Y 110  |7 76595 
242 0 1 |a Environmental utilization of geopolymer - based materials  |y eng 
245 1 0 |a Environmentálne využitie geopolymérnych materiálov 
260 |c 2017 
650 4 |a metakaolín  |2 slo 
650 4 |a sodné vodné sklo  |2 slo 
650 4 |a hydroxid sodný  |2 slo 
650 4 |a životné prostredie  |2 slo 
650 4 |a geopolymér  |2 slo 
650 4 |a geopolymer  |2 eng 
650 4 |a metakaolin  |2 eng 
650 4 |a sodium water glass  |2 eng 
650 4 |a sodium hydroxide  |2 eng 
650 4 |a environment  |2 eng 
700 1 |a Janotka, Ivan  |4 ths  |X 83480  |7 83480 
856 4 |u http://is.stuba.sk/zp/portal_zp.pl?podrobnosti=118779